| Virtuální polytechnická knihovna - Souborný katalog - Úplný záznam dokumentu - MARC |
Uživatel: --- |
-----nas 22-----zu 4500
001 SKVPK0031852
003 CZ-VPK
005 20260422114118.0
008 260422d19581964||||| | ||| || |||||||
040 $aABA013$bcze
222 0$aOliver world
245 00$aOliver world
260 $aSpojené státy americké :$bChicago : Oliver International, S.A.,,$c1958-1
964
650 07$aobecnosti$xob$2psh
910 $aABA013$r1958-1961, 1963-1964
| pátek 15.05.2026 11:45:05 |
© 2001-2015 Národní technická knihovna |
[Virtuální polytechnická knihovna]
[Servisní centrum]
[Souborný katalog]